00977 a2200193 4500003000500000005001700005010001300022022001500035040000900050082001400059100001900073245008400092250001100176260004700187300003600234505046000270600001900730650003400749Nust20221229115941.0 a57000863 a8131729656 cNust a621.8,BAV aBevan, Thomas. aThe theory of machines :ba text-book for engineering students /cThomas Bevan, a3rd ed aLondon,bNew York, Longmans, Green [c2010 a621 pb illusc 23 cmeDiagrams aDefinitions and Simple Mechanisms (Page-1), Motion, Inertial (Page-14), Velocity and Acceleration (Page-68), Mechanisms with Lower Pairs (Page-121), Valve Diagrams and Valve Gears (Page-142), Friction (Page-177), Belt, Rope and Chain Drives (Page-223), Brakes and Dynamometers (Page-248), Cams (Page-281), Tooth Gearing (Page-315), Gear Trains (Page-366), Dynamics of Machines (Page-412), Governors (Page-454), Balancing (Page-489), Vibrations (Page-532), aBevan, Thomas. aTelecommunication Engineering